• 首页
  • 本馆介绍
  • 公告通知
  • 最新文献
  • 馆藏检索
  • 电子资源
  • 读者导购
  • 参考咨询
  • 我的图书馆
  • 登录
  • 详细信息显示
  • 放入我的书架
  • 预约/预借图书
  • 作者相关作品
  • 分类相关作品
  • 丛书相关作品
  • 出版社相关作品

书目信息

  • 表格格式
  • 工作单格式
  • 卡片格式
题名:
中国历代鞋履研究与鉴赏
    
 
作者: 骆崇骐 著
分册:  
出版信息: 上海   东华大学出版社  2007
页数: 200页
开本: 26cm
丛书名:
单 册:
中图分类: K892.23
科图分类:
主题词: 鞋--文化--中国 , 鞋 , 风俗习惯
电子资源:
ISBN: 978-7-81111-187-3
000 00941nam0 2200253 450
001 1240181469
005 20121013111018.15
010    @a978-7-81111-187-3@dCNY62.00
100    @a20070327d2007 em y0chiy50 ea
101 0  @achi@aeng
102    @aCN@b310000
105    @aa z 000yy
200 1  @a中国历代鞋履研究与鉴赏@Azhong guo li dai xie lv yan jiu yu jian shang@dStudy and appreciation of Chinese shoes in the past dynasties@f骆崇骐著@zeng
210    @a上海@c东华大学出版社@d2007
215    @a200页@c图,照片@d26cm
330    @a本书从政治、军事、宗教、文化、艺术、规制、礼仪和习俗等不同角度系统地阐述了我国各朝代、各民族、各地区鞋履文化的流变。
510 1  @aStudy and appreciation of Chinese shoes in the past dynasties@zeng
606 0  @a鞋@x文化@y中国
606 0  @a鞋
606 0  @a风俗习惯
690    @aK892.23@v4
701  0 @a骆崇骐@Aluo chong qi@f(1945~)@4著
801  0 @aCN@bNLC@c20101222
905    @a10447@dK892.23@eJY51
    
    中国历代鞋履研究与鉴赏=Study and appreciation of Chinese shoes in the past dynasties/骆崇骐著.-上海:东华大学出版社,2007
    200页:图,照片;26cm
    
    
    ISBN 978-7-81111-187-3:CNY62.00
    本书从政治、军事、宗教、文化、艺术、规制、礼仪和习俗等不同角度系统地阐述了我国各朝代、各民族、各地区鞋履文化的流变。
●
相关链接 在E读中查询图书 在五车中查询图书 在当当中查询图书 在豆瓣中查询图书


正题名:中国历代鞋履研究与鉴赏     索取号:K892.23/JY51         预约/预借

序号 登录号 条形码 馆藏地/架位号 状态 备注
1 7826123   278261239   学院路分馆/ [索取号:K892.23/JY51] 在馆    
2 7826124   278261248   学院路分馆/ [索取号:K892.23/JY51] 在馆    
唐山师范学院图书馆 欢迎您!
大连网信软件有限公司© 版权所有